| 000 | 00642nam a2200169Ia 4500 | ||
|---|---|---|---|
| 999 |
_c2621 _d2621 |
||
| 003 | DO-SdBJH | ||
| 005 | 20180416033805.0 | ||
| 008 | 180414s9999 dr 000 0 spa d | ||
| 040 |
_aDO-SdBJH _bspa _cDO-SdBJH |
||
| 090 | _aDM AY 07-08 2007 | ||
| 110 | _aInstituto de Cooperación para la Seguridad Hemisférica | ||
| 245 | 1 | 0 | _aAY 07-08 Curso medular de instrucción de nivel intermedio / Instituto de Cooperación para la Seguridad Hemisférica |
| 260 | _aFuerte Benning, Georgia : Cuartel General Secretaría del Ejército, 2007 | ||
| 300 | _a333 páginas en varias paginaciones | ||
| 650 | 4 | _aEscenario -- Referencia | |
| 942 |
_2ddc _cBK |
||